Biblioteca

Preaching on justice : (Registro nro. 61102)

Detalles MARC
000 -LÍDER
Campo fijo de descripción fija 01129aab a2200229 i 4500
001 - NÚMERO DE CONTROL
Campo de control 768714001
003 - IDENTIFICADOR DEL NÚMERO DE CONTROL
Campo de control CO-MdFUSB
005 - FECHA Y HORA DE LA ULTIMA TRANSACCIÓN
control field 20240716142416.0
008 - ELEMENTOS DE LONGITUD FIJA -- INFORMACIÓN GENERAL
Campo fijo de descripción fija -- Información general 240716t2005 sz ||||| |||| 00| 0 eng d
040 ## - FUENTE DE CATALOGACIÓN
Idioma de catalogación spa
Agencia que realiza la transcripción CO-MdFUSB
041 ## - CÓDIGO DE IDIOMA
Código de idioma para texto/pista de sonido o título separado eng
100 ## - ASIENTO PRINCIPAL--NOMBRE PERSONAL
Nombre personal Bukowski, Peter,
Término relacionador autor
245 10 - TÍTULO
Título Preaching on justice :
Subtitulo the question of the homiletic implementation of the Accra confession
Mención de responsabilidad / Peter Bukowski
520 ## - NOTA DE RESUMEN, ETC.
Nota de sumario, etc. Predicar sobre la justicia es ante todo predicar sobre la justicia de Dios como gracia gratuita. Incluye exponer no sólo las injusticias de los demás, sino también las nuestras. Su objetivo es acompañar a la congregación por el camino de la justicia. Al reflexionar sobre estos temas, Bukowski entabla un diálogo crítico con la Confesión de Accra.
546 ## - NOTA DE IDIOMA
Nota de idioma Texto en inglés.
650 #7 - ASIENTO SECUNDARIO DE MATERIA - TERMINO TEMÁTICO
Término temático o nombre geográfico como elemento de entrada Dios
9 (RLIN) 178
650 #7 - ASIENTO SECUNDARIO DE MATERIA - TERMINO TEMÁTICO
Término temático o nombre geográfico como elemento de entrada Justicia (Virtud)
Subdivisión general Aspectos religiosos
9 (RLIN) 6931
650 #0 - ASIENTO SECUNDARIO DE MATERIA - TERMINO TEMÁTICO
Término temático o nombre geográfico como elemento de entrada Teología práctica
9 (RLIN) 180
773 0# - ASIENTO DE ITEM FUENTE
Título Reformed World
Biblionumber 49396
Itemnumber 59505
Parte(s) relacionada(s) / Volumen., número. (mes año), páginas Volumen 55, (número 3, 2005) páginas: 234 - 243
Enumeración y primera página página: 234
942 ## - TIPO DE MATERIAL (KOHA)
Tipo de Item KOHA Artículos de Revista
945 ## - INFORMACIÓN LOCAL DEL REGISTRO
Catalogador Catherine Arias Álvarez - Practicante SENA

No hay ítems disponibles.

Biblioteca FUSBC | Teléfono: (57+4) 349 88 10 Ext. 141| WhatsApp (+57) 3005338115 
E-mail: biblioteca@unisbc.edu.co | Calle 76 87-14 Robledo Palenque, Medellín, Colombia

Con tecnología Koha